| 000 | 00566nam a2200229 a 4500 | ||
|---|---|---|---|
| 999 |
_c4036 _d4036 |
||
| 001 | 4036 | ||
| 003 | BD-JhCC | ||
| 005 | 20171122095104.0 | ||
| 008 | 171122s19331963e a|||| ||a| 000 0 eng d | ||
| 035 | _a(BD-JhCC)4036 | ||
| 040 |
_aBD-JhCC _dBD-JhCC |
||
| 041 | _aeng | ||
| 082 |
_a822.33 _bFAU 1963 |
||
| 100 | _aFaucett, G. M. | ||
| 245 |
_aThe Merchant of Venice / _cG. M. Faucett, |
||
| 260 |
_aLondon : _bOxford University Press, _c1963 |
||
| 300 |
_a32 p. : _c18 cm. |
||
| 650 | _aEnglish Drama | ||
| 700 | _aW. L. | ||
| 942 |
_2ddc _cBK |
||